| 000 | 00462nam a2200145 4500 | ||
|---|---|---|---|
| 001 | 132035 | ||
| 003 | ES-MaACL | ||
| 007 | t| | ||
| 008 | 070214q1953 sp r ||||1| spa d | ||
| 100 | 1 |
_aRoig Miró, José. _999019 |
|
| 245 | 1 | 3 |
_aLa hibridación en avicultura _b: (sus ventajas e inconvenientes) / _cJosé Roig Miró. |
| 260 |
_aLérida : _bArtesa de Segre-Guía del Avicultor, _c[1953?] |
||
| 300 |
_a110 p. ; _c21 cm. |
||
| 852 |
_aES-MaACL _jC-7818 _bR.35251 |
||
| 999 |
_c132035 _d132035 |
||